000 00581nam a2200241Ia 4500
005 20260306150303.0
008 008 260114s9999 xx 000 0 eng d
020 _a9781400846160
037 _aEbook
040 _aCRL
040 _beng
040 _cCRL
041 _2eng
041 _aeng
084 _qCRL
245 0 _aFear and Trembling and The Sickness Unto Death
260 _bPrinceton University Press
260 _c2013
650 _aPhilosophy
856 _uhttps://www.degruyter.com/isbn/9781400846160
942 _cEBOOK
999 _c1695405
_d1695405